000 00441nam a22001577a 4500
005 20240819073556.0
008 240819b |||||||| |||| 00| 0 eng d
041 _aEnglish
082 _a349 LAW
100 _lEnglish
245 _aThe Law Reports: Probate Division
260 _aLondon:
_bLincoln's Inn,
_c1966
300 _bxi, 147 pages;
_c25 cm.
650 _aLegal practice
_bLaw
942 _cBK
_6ALISON_BN_VRIES
999 _c2681
_d2681